Boards of Canada Songs! - Statistics

General Stats
  • This quiz has been taken 43 times
    35 since last reset
  • The average score is 47 of 101
Answer Stats
Answer % Correct
Aquarius
82%
Aquarius (Version 3) (Peel Session)
82%
Everything You Do Is a Balloon
82%
Olson
82%
Olson (Version 3) (Peel Session)
82%
Roygbiv
82%
1969
73%
An Eagle In Your Mind
73%
Dayvan Cowboy
73%
Dayvan Cowboy (Odd Nosdam Remix)
73%
Gyroscope
73%
Happy Cycling
73%
Happy Cycling (Peel Session)
73%
Music Is Math
73%
Sixtyniner
73%
Sixtyten
73%
Gemini
64%
Ready Lets Go
64%
Sunshine Recorder
64%
Twoism
64%
Wildlife Analysis
64%
Alpha And Omega
55%
Beware The Friendly Stranger
55%
Corsair
55%
Dandelion
55%
Dawn Chorus
55%
Hi Scores
55%
In A Beautiful Place Out In The Country
55%
Julie And Candy
55%
Magic Window
55%
One Very Important Thought
55%
Pete Standing Alone
55%
Reach For The Dead
55%
Smokes Quantity / 1986 Summer Fire
55%
Telephasic Workshop
55%
The Beach At Redpoint
55%
The Smallest Weird Number
55%
Triangles & Rhombuses
55%
A Is To B As B Is To C
45%
Bocuma
45%
Cold Earth
45%
I Saw Drones
45%
Jacquard Causeway
45%
Kid For Today
45%
Palace Posy
45%
Peacock Tail
45%
Rue The Whirl
45%
Satellite Anthem Icarus
45%
Smokes Quantity
45%
The Color Of The Fire
45%
The Devil Is In The Details
45%
Turquoise Hexagon Sun
45%
XYZ (Peel Session)
45%
You Could Feel The Sky
45%
84 Pontiac Dream
36%
Chromakey Dreamcoat
36%
Collapse
36%
Diving Station
36%
Energy Warning
36%
Farewell Fire
36%
Hey Saturday Sun
36%
Iced Cooly
36%
In The Annexe
36%
Into The Rainbow Vein
36%
June 9th
36%
Kaini Industries
36%
Left Side Drive
36%
New Seeds
36%
Nlogax
36%
Nothing Is Real
36%
Oirectine
36%
Opening The Mouth
36%
Open The Light
36%
Over The Horizon Radar
36%
Seeya Later
36%
Semena Mertvykh
36%
Sherbet Head
36%
Sick Times
36%
Skyliner
36%
Slow This Bird Down
36%
Telepath
36%
White Cyclosa
36%
Amo Bishop Roden
27%
Basefree
27%
Come To Dust
27%
Constants Are Changing
27%
Melissa Juice
27%
Oscar See Through Red Eye
27%
Split Your Infinities
27%
Under The Coke Sign
27%
Zoetrope
27%
A Moment Of Clarity
18%
Ataronchronon
18%
Heard From Telegraph Lines
18%
Sundown
18%
Tears From The Compound Eye
18%
Transmisiones Ferox
18%
Uritual
18%
No matching quizzes found
Score Distribution
Percent of People with Each Score
Percentile by Number Answered
Your Score History
You have not taken this quiz since the last reset